000 00980cam a22002534a 4500
020 _a0471273376
020 _a0471273384
040 _cDLC
082 0 0 _a507 JWI 2004 A035 Or.
100 1 _aBochinski, Julianne Blair,
245 1 0 _aMore award-winning science fair projects /
260 _aHoboken, N.J. :
_bJ. Wiley,
_cc2004.
300 _axi, 228 p. :
_bill. ;
_c26 cm.
500 _aIncludes index.
520 _aPresents 35 award-winning science fair projects, a section on how to do a science fair project, updates to science fair rules and science supply resources, as well as new material on useful web sites.
650 0 _aScience projects
650 0 _aScience
650 0 _aScience
700 1 _aBochinski-DiBiase, Judy J.
856 4 2 _uhttp://www.loc.gov/catdir/bios/wiley045/2003009477.html
856 4 2 _uhttp://www.loc.gov/catdir/description/wiley038/2003009477.html
856 4 1 _uhttp://www.loc.gov/catdir/toc/wiley031/2003009477.html
942 _cEK
999 _c12640
_d12640